000 00958nam a2200253Ia 4500
003 OSt
005 20220923220000.0
006 a|||||r|||| 00| 0
007 ta
008 220922b |||||||| |||| 00| 0 hin d
024 _a183,333
037 _cTextual
040 _aARTS
_cARTS
_bhin
041 _2hin
_ahin
082 _aO152,1N194:g, N0
100 _aतिवारी, संतोष कुमार, संपा.
_9163967
245 0 _aकवि 'तरूण' का काव्य
_b संवेदना और शिल्प
246 _aKavi 'tarūṇa' kā kāvya: sanvedanā aur shilpa
260 _aहरिद्वार
_b उन्मेष प्रकाशन
_c1990
300 _a236 पृ.
_ccm.
650 _aहिन्दी साहित्य
_9156264
942 _hO152,1N194:g, N0
_cTEXL
_2CC
999 _c336669
_d336669